Enciclopedia general del mar
Saved in:
| Hovedforfatter: | |
|---|---|
| Format: | Bog |
| Sprog: | spansk |
| Udgivet: |
Madrid
Garriga
1957
|
| Fag: | |
| Tags: |
Tilføj Tag
Ingen Tags, Vær først til at tagge denne postø!
|
MARC
| LEADER | 00000nam a2200000 a 4500 | ||
|---|---|---|---|
| 001 | UCR4947 | ||
| 003 | CL-VaPUC | ||
| 008 | 980320e19570000SP |||||||||||||||||spa|d | ||
| 082 | 0 | 4 | |a 623.8 |b MAR |2 21 |
| 100 | |a Martínez-Hidalgo y Terán, José María |e autor |9 405563 | ||
| 245 | 1 | 0 | |a Enciclopedia general del mar |
| 300 | |a 6 v | ||
| 942 | |c BK | ||
| 945 | |d 19980320 00:00:00 |a crobeson | ||
| 260 | |a Madrid |b Garriga |c 1957 | ||
| 500 | |a v.1: A-cam | ||
| 500 | |a v.2: Can-d | ||
| 500 | |a v.3: E-i | ||
| 500 | |a v.4: J-n | ||
| 500 | |a v.5: O-r | ||
| 500 | |a v.6: S-z | ||
| 650 | 0 | |a Mar |9 357500 | |
| 650 | 0 | |a Enciclopedias |9 264135 | |
| 650 | 7 | |a INGENIERIA NAVAL |2 CL-VaPUC |9 262110 | |
| 650 | 0 | |a Arquitectura naval |9 261969 | |
| 650 | 7 | |a NAVES NAUTICAS |2 CL-VaPUC |9 405488 | |
| 650 | 7 | |a IMPLEMENTOS DE PESCA |2 CL-VaPUC |9 261900 | |
| 650 | 7 | |a METODOS DE PESCA |2 CL-VaPUC |9 261501 | |
| 650 | 0 | |a Marinos |9 323609 | |
| 583 | |a last modification |c 19980320 00:00:00 |k Rodrigo Vera | ||
| 999 | |c 267725 |d 267723 | ||